Stredoškoláci v knižnici

Bibliographic Details
Main Author: Harkabusová, Anna (Author)
Format: Article
Language:Slovak
PhysicalDescription:Fotogr.
ISSN:1337-9356
Subjects:
Online Access:http://www.vkjb.sk/index.php?ids=37

MARC

LEADER 00000nab a2200000 a 4500
001 vtls010649158
003 SK-MaSNL
005 20260305013747.0
008 171108c2014 xo drz 0 0slo
038 |a KEVKJB 
040 |a KEVKJB  |b slo  |c KEVKJB  |e AACR2 
041 0 |a slo 
044 |a xo  |c SK 
080 |a 027.53  |2 2001 
100 1 |a Harkabusová, Anna  |4 aut  |9 98091 
245 1 0 |a Stredoškoláci v knižnici  |c Anna Harkabusová 
300 |b Fotogr. 
610 2 7 |a Verejná knižnica Jána Bocatia v Košiciach  |2 kevkjb  |9 29554 
650 0 7 |a kvízy  |2 kevkjb  |9 306384 
651 7 |a Košice (Slovensko)  |2 kevkjb  |9 18694 
773 0 |t Knihovník  |g Roč. 36, č. 2 (2014), s. 12-13  |x 1337-9356 
852 |a KEVKJB  |b KIS3GCP 
856 4 1 |u http://www.vkjb.sk/index.php?ids=37 
999 |c 3265821  |d 3267751